000 00466nam a22001577a 4500
005 20240920065118.0
008 240724b |||||||| |||| 00| 0 eng d
041 _aEnglish
082 _a349 SOU
100 _lEnglish
245 _aSouth Africa Law Reports: Appellate Division
260 _aCape Town :
_bJuta and Company Ltd,
_c1918
300 _bxiii, 669 pages;
_c25 cm.
650 _aLegal practice
_bLaw
942 _cBK
_6ALISON_BN_VRIES
999 _c2248
_d2248